000 00698nam a2200265Ia 4500
005 20260302115706.0
008 008 260114s9999 xx 000 0 eng d
020 _a9781509985494
037 _aTextbook
040 _aCRL
040 _beng
040 _cCRL
041 _2eng
041 _aeng
084 _qCRL
100 _aKevin YL Tan and HP Lee
_91122363
245 4 _aThe Basic Structure Doctrine in Malaysia Themes and Perspectives
260 _bBloomsbury
260 _bHart Publishing
260 _c2025
650 _aLaw
856 _uhttps://doi.org/10.5040/9781509985494?locatt=label:secondary_bloomsburyCollections
942 _cEBOOK
999 _c1687139
_d1687139